| 000 | 00514nam a2200169 4500 | ||
|---|---|---|---|
| 999 |
_c170647 _d170647 |
||
| 005 | 20191218170026.0 | ||
| 010 | _aENG-127204 | ||
| 020 |
_a9789384061128 _c499.00 |
||
| 035 | _aEN-110736 | ||
| 037 | _bDBAD/PUB | ||
| 082 | _a332 | ||
| 245 |
_aLife at 40 : _btake charge of your finances |
||
| 260 |
_aMumbai _bTV 18 Broadcast _c2014 |
||
| 270 |
_a414, 1st Floor Empire Mills Empire _bSenapati Bapat Marg, Lower (W),Mumbai _e400013 |
||
| 300 |
_a186p. _c20cm(Hb) |
||
| 942 |
_2ddc _cEN _h332 _mLIF |
||